Places To Study
There are group study rooms, individual study carrels, computer labs, and other spaces to study in the Libraries.
Reserve A Group Room| 000 -LEADER | |
|---|---|
| fixed length control field | 00704nam a22001937a 4500 |
| 003 - CONTROL NUMBER IDENTIFIER | |
| control field | OSt |
| 005 - DATE AND TIME OF LATEST TRANSACTION | |
| control field | 20251221153251.0 |
| 008 - FIXED-LENGTH DATA ELEMENTS--GENERAL INFORMATION | |
| fixed length control field | 251221b |||||||| |||| 00| 0 eng d |
| 040 ## - CATALOGING SOURCE | |
| Transcribing agency | DCL |
| 041 ## - LANGUAGE CODE | |
| Language code of text/sound track or separate title | English |
| 082 ## - DEWEY DECIMAL CLASSIFICATION NUMBER | |
| Classification number | 959.102 |
| 100 1# - MAIN ENTRY--PERSONAL NAME | |
| Personal name | Phayre, Arthur Purves, Sir, |
| Dates associated with a name | 1812-1885 |
| 245 10 - TITLE STATEMENT | |
| Title | History of Burma: |
| Remainder of title | including Burma proper, Pegu, Taungu, Tenasserim, and Arakan, from the earliest time to the first war with British India / |
| Statement of responsibility, etc. | by Sir Arthur P. Phayre. |
| 260 ## - PUBLICATION, DISTRIBUTION, ETC. | |
| Place of publication, distribution, etc. | London : |
| Name of publisher, distributor, etc. | Susil Gupta, |
| Date of publication, distribution, etc. | [n.d]. |
| 300 ## - PHYSICAL DESCRIPTION | |
| Extent | xii,311 pages : |
| Other physical details | maps ; |
| Dimensions | 20 cm. |
| 504 ## - BIBLIOGRAPHY, ETC. NOTE | |
| Bibliography, etc. note | Includes bibliographical notes and index. |
| 651 ## - SUBJECT ADDED ENTRY--GEOGRAPHIC NAME | |
| Geographic name | Myanmar |
| Form subdivision | History |
| Geographic subdivision | To 1824 |
| 942 ## - ADDED ENTRY ELEMENTS (KOHA) | |
| Source of classification or shelving scheme | Dewey Decimal Classification |
| Koha item type | Short Term |
| Suppress in OPAC | No |
| Withdrawn status | Lost status | Source of classification or shelving scheme | Damaged status | Not for loan | Collection | Accession No. | Home library | Current library | Shelving location | Date acquired | Total checkouts | Full call number | Barcode | Date last seen | Price effective from | Koha item type |
|---|---|---|---|---|---|---|---|---|---|---|---|---|---|---|---|---|
| Dewey Decimal Classification | English Collection | 3465 | Dhammadhara | Dhammadhara | English Shelves | 21/12/2025 | 959.102 Ph 3465 | EB00003465 | 21/12/2025 | 21/12/2025 | Short Term |